|
|
|
|
| LEADER |
00774cam a2200217 7i4500 |
| 001 |
0000030613 |
| 005 |
20190613090000.0 |
| 008 |
091019 eng |
| 020 |
|
|
|a 9789833850235 (pbk.)
|
| 040 |
|
|
|a UM
|
| 090 |
0 |
0 |
|a HF5681.B2
|b N44 2007
|
| 100 |
3 |
|
|a Ng, Eng Juan
|
| 245 |
1 |
0 |
|a Consolidated financial statements (Malaysia)
|c Ng Eng Juan.
|
| 260 |
|
|
|a Kuala Lumpur:
|b McGraw Hill,
|c 2007.
|
| 300 |
|
|
|a xii, 622 p.:
|b ill.;
|c 26 cm.
|
| 500 |
|
|
|a Includes index
|
| 650 |
0 |
0 |
|a Financial statements, Consolidated --
|z Malaysia
|
| 997 |
|
|
|a Business & Accountancy, Faculty
|
| 999 |
|
|
|a 0000025772
|b BOK
|c OPEN SHELF
|e 1st Floor, Shah Alam
|
| 999 |
|
|
|a 0000025774
|b BOK
|c OPEN SHELF
|e 1st Floor, Shah Alam
|
| 999 |
|
|
|a 0000037667
|b BOK
|c OPEN SHELF
|e 1st Floor, Shah Alam
|